[Event "XXXVIII Abierto Internacional "]
[Site "Sevilla (SPAIN)"]
[Date "2013.01.13"]
[Round "3.14"]
[White "BARRENECHEA BAHAMONDE, Gustavo"]
[Black "BRUNO, Fabio"]
[Result "0-1"]
[WhiteElo "2211"]
[BlackElo "2434"]
[Annotator "Montecatine,R"]
[PlyCount "48"]
[EventDate "2013.01.11"]

1. e4 c5 2. Nf3 e6 3. d4 cxd4 4. Nxd4 Nc6 5. Nc3 Qc7 6. f4 d6 7. Ndb5 Qd8 8. a4
a6 9. Na3 Qc7 10. Bd3 Nf6 11. O-O Be7 12. Kh1 O-O 13. Qe2 Bd7 14. Nc4 d5 15.
exd5 exd5 16. Ne5 Rfe8 {Diagrama #} 17. Nxd5 Nxd5 18. Bxh7+ Kf8 (18... Kxh7 19.
Qh5+ Kg8 20. Qxf7+ Kh8 21. Qh5+ $11) 19. Qh5 (19. Nxf7 $5 Nf6 (19... Kxf7 20.
Qh5+ Kf8 21. Qxd5 $14) 20. Bg6 Bb4 21. Ne5 Re7 $13) 19... Be6 20. Nxc6 $2 (20.
Bf5 $1 Bf6 21. Bxe6 fxe6 22. c4 Ndb4 23. Ra3 Nd4 24. Rh3 Nf5 25. Qg6 Nh4 26.
Qh5 Nf5 $11) 20... Nf6 $19 21. Qh4 Qxc6 22. Rf3 Ng8 23. Qh5 Qd5 24. Qxd5 Bxd5
0-1

[Event "XXXVIII Abierto Internacional "]
[Site "Sevilla (SPAIN)"]
[Date "2013.01.13"]
[Round "3.3"]
[White "SERRANO SALVADOR, Eduardo"]
[Black "IBARRA JEREZ, Jose Carlos"]
[Result "1/2-1/2"]
[WhiteElo "2349"]
[BlackElo "2538"]
[Annotator "Montecatine,R"]
[PlyCount "78"]
[EventDate "2013.01.11"]

1. d4 Nf6 2. Nf3 d5 3. Bg5 Ne4 4. Bh4 c5 5. dxc5 Nc6 6. e3 g6 7. Nbd2 Nxc5 8.
Be2 Bg7 9. c3 O-O 10. O-O a5 11. Nb3 Ne4 12. a4 h6 13. Nfd2 Nd6 14. Nd4 g5 15.
Bg3 e5 16. Nb5 Nxb5 17. axb5 Ne7 18. f3 Be6 19. e4 Qc7 20. Qa4 Rfd8 21. Rfd1
Ng6 22. exd5 Rxd5 23. Nc4 Nf4 24. Bf1 Bf8 25. Rxd5 Bxd5 26. Re1 f6 27. Kh1 b6
28. Ne3 Bf7 29. Bc4 Rd8 30. Bxf7+ Qxf7 31. Bxf4 (31. Rd1 Rxd1+ 32. Qxd1 $11)
31... gxf4 32. Nc4 Bc5 $15 33. Qc2 Qh7 (33... Kg7) 34. Qxh7+ Kxh7 35. g3 fxg3
36. hxg3 Kg6 37. Kg2 h5 38. Kf1 Kf5 39. Ke2 Rg8 {Diagrama #} (39... Rg8 40. Rh1
Rxg3 41. Rxh5+ Kf4 42. Rh4+ Kg5 43. Rh7 Rg2+ 44. Kd3 $11) 1/2-1/2

[Event "XXXVIII Abierto Internacional "]
[Site "Sevilla (SPAIN)"]
[Date "2013.01.13"]
[Round "3.4"]
[White "HASLINGER, Stewart G"]
[Black "BLANCO, Cristobal J"]
[Result "1-0"]
[WhiteElo "2535"]
[BlackElo "2347"]
[Annotator "Montecatine,R"]
[PlyCount "155"]
[EventDate "2013.01.11"]

1. e4 c5 2. Nf3 Nc6 3. d4 cxd4 4. Nxd4 Nf6 5. Nc3 e5 6. Ndb5 d6 7. Bg5 a6 8.
Na3 b5 9. Nd5 Be7 10. Bxf6 Bxf6 11. c4 b4 12. Nc2 O-O 13. h4 $5 Rb8 14. b3 a5
15. g3 Be7 16. Bg2 Kh8 17. O-O f5 18. exf5 Bxf5 19. Nde3 Bd7 20. Qd3 Qc8 21.
Rad1 $14 Be6 22. Rd2 Rb6 23. Bd5 Bh3 24. Re1 Ra6 25. Be4 h6 26. Kh2 Be6 27. Qe2
Nb8 28. Nd5 Bd8 29. Nce3 Nd7 30. Qh5 Nc5 31. Bc2 e4 32. Nf4 Bf7 33. Qf5 Qxf5
34. Nxf5 g5 35. hxg5 (35. Nxd6 Rxd6 36. Rxd6 gxf4 37. Rxh6+ Kg7 38. Rc6 fxg3+
39. Kxg3 Be7 40. Bxe4 $16) 35... hxg5 36. Nd5 (36. Nxd6 Rxd6 37. Rxd6 $14)
36... Bg6 (36... Bh5) 37. g4 $14 Bxf5 38. gxf5 Rxf5 39. Bxe4 Re5 40. Rde2 Kg7
41. Kg3 Ra7 42. Bc2 Bf6 43. Rxe5 Bxe5+ 44. Kg4 $16 Rf7 45. Bf5 a4 46. Re3 axb3
47. axb3 Ra7 48. Kxg5 Ra3 49. f4 {Diagrama #} Bd4 50. Re7+ Kf8 51. Bg6 Rxb3 52.
f5 Rg3+ 53. Kh6 Rh3+ 54. Bh5 Bg7+ 55. Kg6 Rxh5 56. Kxh5 b3 57. Re1 Be5 58. Kg6
b2 59. f6 Nd3 60. Rh1 Bh2 61. Nc3 Ne5+ 62. Kf5 Nf3 63. Kg4 Be5 64. Nb1 Nd4 65.
Kg5 Kg8 66. Kg6 Ne6 67. Rg1 Kf8 68. Rh1 Kg8 69. Nd2 Nf4+ 70. Kf5 Ne2 71. Re1
Bc3 72. Rxe2 Bxd2 73. Re8+ Kf7 74. Re7+ Kf8 75. Rb7 Bc3 76. Ke6 Kg8 77. f7+ Kg7
78. Rb8 1-0

[Event "XXXVIII Abierto Internacional "]
[Site "Sevilla (SPAIN)"]
[Date "2013.01.13"]
[Round "3.7"]
[White "GARCIA JIMENEZ, Francisco Javi"]
[Black "CAMPORA, Daniel H"]
[Result "1-0"]
[WhiteElo "2278"]
[BlackElo "2490"]
[Annotator "Montecatine,R"]
[PlyCount "57"]
[EventDate "2013.01.11"]

1. e4 d6 2. Nc3 Nf6 3. h3 e5 4. g3 Be7 5. Bg2 h5 6. Nf3 Nbd7 7. d4 c6 8. Be3
Qc7 9. O-O Nf8 10. Nh4 Ne6 11. d5 cxd5 12. exd5 Nc5 13. f4 exf4 14. Bxf4 O-O
15. Kh1 {Diagrama #} Nh7 $2 (15... Bd7) 16. Qxh5 g5 $6 (16... Nf6 $16) 17. Be3
$18 gxh4 18. Bd4 $6 (18. Bh6 $18) 18... f6 (18... Qd7 19. Qh6 f6 20. Rf4 Rf7
21. Rg4+ Kh8 22. Rxh4 $18) 19. b4 Rf7 $6 (19... Qd7 20. bxc5 dxc5 $16) 20. bxc5
$6 (20. gxh4 $18) 20... dxc5 21. Be3 Qxg3 22. Bf4 $2 (22. Ne4 $18) 22... Qxc3
23. d6 Bxd6 24. Bxd6 Be6 (24... Bd7 $11) 25. Rae1 Bxa2 (25... Bc4) 26. Re4 {
Diagrama #} Qd2 $4 (26... Ng5 27. Rxh4 Rh7 $14) (26... a5) 27. Rg4+ $2 (27. Rd1
$18) 27... Kh8 $2 (27... Rg7 28. Rxg7+ Kxg7 $14) 28. c4 Rd7 29. Be5 1-0

[Event "XXXVIII Abierto Internacional "]
[Site "Sevilla (SPAIN)"]
[Date "2013.01.13"]
[Round "3.10"]
[White "FERNANDEZ ROMERO, Ernesto"]
[Black "DIAZ CASTRO, Sergio"]
[Result "1-0"]
[WhiteElo "2480"]
[BlackElo "2224"]
[Annotator "Montecatine,R"]
[PlyCount "79"]
[EventDate "2013.01.11"]

1. e4 g6 2. d4 Bg7 3. Nf3 d6 4. Bc4 a6 5. O-O b5 6. Bb3 Bb7 7. Re1 e6 8. a4 Nd7
9. c3 Ne7 10. Qe2 O-O 11. Nbd2 c6 12. Nf1 h6 13. Ng3 Qc7 14. h4 Rfe8 15. h5 g5
16. Nh2 c5 17. Ng4 cxd4 18. cxd4 Nc6 19. Be3 {Diagrama #} Nxd4 $6 (19... Na5)
20. Nxh6+ Kf8 21. Bxd4 Bxd4 22. Qd2 $18 Bf6 23. Ng4 Be7 24. Rac1 Qd8 25. h6 Ne5
26. Qd4 Bf6 27. Nxf6 Qxf6 28. Qxd6+ Kg8 29. Nh5 Qxh6 30. Qxe5 Qxh5 31. Rc3 Qg6
32. Rg3 Kf8 33. Rxg5 Qh7 34. Rh5 Qg6 35. Qc5+ Re7 36. Rh8+ Kg7 37. Rxa8 Bxa8
38. Qxe7 Bxe4 39. g3 bxa4 40. Bxe6 1-0

[Event "XXXVIII Abierto Internacional "]
[Site "Sevilla (SPAIN)"]
[Date "2013.01.13"]
[Round "3.11"]
[White "GONZALEZ GALVAN, Juan Manuel"]
[Black "GONZALEZ PEREZ, Arian"]
[Result "1-0"]
[WhiteElo "2249"]
[BlackElo "2473"]
[Annotator "Montecatine,R"]
[PlyCount "79"]
[EventDate "2013.01.11"]

1. e4 e6 2. d3 d5 3. Bd2 $5 Nf6 4. Nc3 b6 5. Nge2 Bb7 6. Ng3 h5 7. h4 Bd6 8. f4
Bc5 9. Qf3 Nc6 $15 10. e5 (10. Nce2) 10... Ng4 $17 11. Nxh5 $2 Nf2 $19 12.
Nxg7+ Kf8 13. f5 Nd4 14. Qf4 Nxc2+ 15. Ke2 Kxg7 16. Rc1 Nxh1 (16... Ba6 $1 $19)
17. f6+ Kf8 18. Rxc2 Ba6 $6 (18... Rg8) 19. b4 {Diagrama #} (19. Be1) 19... Nf2
$2 (19... Bf2 20. Qg4 Ke8 21. Qg7 Rf8 $19) 20. bxc5 Bxd3+ $4 (20... Nxd3 $1 21.
Qg5 Rg8 22. Qh6+ Ke8 23. Kd1 Nxc5 $17) 21. Kxf2 Bxc2 22. Qg4 Bg6 $11 23. Bd3 d4
$6 (23... Qd7 24. Ne2 Ke8 25. c6 $18) (23... Qe8 24. Ne2 bxc5 25. Nf4 $18) 24.
Ne2 $1 (24. Bxg6 $5 dxc3 25. Bd3 $1 Qxd3 26. Qg7+ Ke8 27. Qxh8+ Kd7 28. c6+
Kxc6 29. Qxa8+ Kd7 30. Bf4 $16) 24... Qd5 25. Nf4 $18 Qxa2 26. Nxg6+ fxg6 27.
Ke1 Rg8 28. Bh6+ Ke8 29. Bxg6+ Kd7 30. Qxd4+ Kc6 31. Be4+ Kb5 32. Qd7+ Ka6 33.
Bd3+ Kb7 34. c6+ Kb8 35. Bg7 Qa5+ 36. Kf1 Qa1+ 37. Kf2 Qb2+ 38. Be2 Qxe5 39. f7
Qf4+ 40. Kg1 1-0

[Event "XXXVIII Abierto Internacional "]
[Site "Sevilla (SPAIN)"]
[Date "2013.01.13"]
[Round "3.12"]
[White "DAS, Arghyadip"]
[Black "SANCHEZ CASTILLO, Sarai"]
[Result "1-0"]
[WhiteElo "2466"]
[BlackElo "2212"]
[Annotator "Montecatine,R"]
[PlyCount "101"]
[EventDate "2013.01.11"]

1. g3 d5 2. Bg2 e5 3. d3 c6 4. Nf3 Bd6 5. Nbd2 f5 6. e4 Nf6 7. O-O O-O 8. exd5
cxd5 9. c4 e4 10. Ne1 Ng4 11. Nc2 f4 {Diagrama #} 12. cxd5 $6 (12. dxe4 Nxh2
13. Kxh2 fxg3+ 14. Kg1 Qh4 15. Nf3 Rxf3 16. Qxd5+ Kh8 17. fxg3 Rxf1+ 18. Kxf1
$11) 12... exd3 $17 13. Nd4 Nxh2 14. Kxh2 fxg3+ 15. Kg1 gxf2+ 16. Rxf2 Rxf2 $2
(16... Bh2+ 17. Kf1 Rxf2+ 18. Kxf2 Qh4+ 19. Ke3 Qg5+ 20. Kxd3 Qxg2 $17) 17.
Kxf2 Qh4+ 18. Ke3 Qg5+ 19. Kf2 Qh4+ 20. Ke3 Qg5+ 21. Kf2 Bh3 22. Qf3 Qh4+ 23.
Ke3 Qg5+ 24. Kf2 Qh4+ 25. Ke3 Bg4 26. Qf2 Bg3 27. Qf1 Nd7 $17 28. Kxd3 Ne5+ $6
(28... Rc8 $17) 29. Kc2 Rc8+ 30. Kb1 {Diagrama #} Bh5 $2 (30... Bf2) 31. Be4
$16 (31. Nf5 $18) 31... Bg6 $2 (31... Bf4) 32. Nf5 $18 Bxf5 33. Qxf5 Rf8 34.
Qe6+ Kh8 35. b3 Bf4 36. Bc2 Qe1 37. Kb2 b5 38. Nf3 Nc4+ 39. bxc4 Qb4+ 40. Bb3
Bxc1+ 41. Rxc1 Rxf3 42. Qe8+ Rf8 43. Qxb5 Qd2+ 44. Kb1 Qd3+ 45. Bc2 Qg3 46. Qb2
Rb8 47. Bb3 a5 48. Qc3 Qc7 49. Ka1 Qc5 50. Bc2 Kg8 51. Rh1 1-0

[Event "XXXVIII Abierto Internacional "]
[Site "Sevilla (SPAIN)"]
[Date "2013.01.13"]
[Round "3.13"]
[White "SANCHEZ ROMERO, Miquel Angel"]
[Black "ROY CHOWDHURY, Saptarshi"]
[Result "1/2-1/2"]
[WhiteElo "2229"]
[BlackElo "2451"]
[Annotator "Montecatine,R"]
[PlyCount "74"]
[EventDate "2013.01.11"]

1. e4 c5 2. c3 d6 3. g3 g6 4. d4 cxd4 5. cxd4 Bg7 6. Bg2 Nf6 7. Ne2 O-O 8. O-O
Nc6 9. Nbc3 Bd7 10. h3 e5 11. Be3 Re8 12. Qd2 b5 13. Rac1 b4 14. Nd5 Nxd5 15.
exd5 Nxd4 16. Nxd4 exd4 17. Bxd4 a5 18. Bxg7 Kxg7 19. Qd4+ Qf6 20. Qxf6+ Kxf6
21. Rc7 Ke7 22. Rfc1 Reb8 23. h4 Kd8 24. f4 a4 25. Kf2 a3 26. b3 Rc8 27. Rxc8+
Rxc8 28. Rxc8+ Kxc8 29. Be4 Kc7 30. Ke3 Kb6 31. Kd4 Bf5 32. Bf3 {Diagrama #}
Bc2 (32... Bb1 33. Kc4 Ka5 34. Be2 f5 $11 (34... Bxa2 35. Bd3 $16)) 33. Kc4 Ka5
34. g4 f6 35. g5 fxg5 36. fxg5 Bf5 37. Be2 Bd7 1/2-1/2

[Event "XXXVIII Abierto Internacional "]
[Site "Sevilla (SPAIN)"]
[Date "2013.01.13"]
[Round "3.17"]
[White "POGORELOV, Ruslan"]
[Black "LASINSKAS, Povilas"]
[Result "1-0"]
[WhiteElo "2409"]
[BlackElo "2183"]
[Annotator "Montecatine,R"]
[PlyCount "133"]
[EventDate "2013.01.11"]

1. Nf3 Nf6 2. c4 b6 3. g3 Bb7 4. Bg2 e6 5. O-O Be7 6. Nc3 O-O 7. Re1 d5 8. cxd5
exd5 9. d4 Nbd7 10. Bf4 a6 11. Rc1 Nh5 12. Be3 Bd6 13. Nh4 c6 14. Nf5 Bb8 15.
Qd2 g6 16. Nh4 f5 17. Bg5 Qe8 18. Qc2 Qf7 19. e3 Bd6 20. Nf3 Rae8 (20... Rfe8)
21. Bh6 Ng7 22. Qb3 Kh8 23. Ne2 Re7 24. Bf4 Ne8 25. Ne5 $16 Nxe5 26. Bxe5+ Bxe5
27. dxe5 Rxe5 28. Qxb6 Nd6 29. Nf4 Nc4 30. Qd4 Qg7 31. b3 Nd6 32. Nd3 Re7 33.
Qxg7+ Kxg7 34. Nc5 Bc8 35. Red1 g5 36. Rd4 f4 37. exf4 gxf4 38. Nd3 f3 39. Bf1
{Diagrama #} Re4 $2 (39... Nb5) 40. Rxe4 dxe4 (40... Nxe4 41. Rxc6) 41. Nf4 $18
Nf5 42. Rxc6 e3 43. fxe3 Nxe3 44. Bxa6 Bf5 45. Rc7+ Kh8 46. Kf2 Ng4+ 47. Kxf3
Ra8 48. Bd3 Nxh2+ 49. Ke3 Ng4+ 50. Kd4 Bxd3 51. Nxd3 Rxa2 52. b4 Ra4 53. Re7
Nh6 54. Kc5 Nf5 55. Re8+ Kg7 56. g4 Ra3 57. Ne5 Rc3+ 58. Kd5 Ne3+ 59. Ke6 Nc2
60. Rb8 Rb3 61. Nc6 Nxb4 62. Nxb4 h5 63. gxh5 Kh6 64. Kf5 Rg3 65. Nd5 Ra3 66.
Rb6+ Kh7 67. Nf6+ 1-0

[Event "XXXVIII Abierto Internacional "]
[Site "Sevilla (SPAIN)"]
[Date "2013.01.13"]
[Round "3.19"]
[White "PISCOPO, Pierluigi"]
[Black "FERNANDEZ RODRIGUEZ, Jose A"]
[Result "1/2-1/2"]
[WhiteElo "2407"]
[BlackElo "2164"]
[Annotator "Montecatine,R"]
[PlyCount "84"]
[EventDate "2013.01.11"]

1. c4 f5 2. g3 Nf6 3. Nc3 g6 4. Bg2 d6 5. Nd5 Bg7 6. Nxf6+ Bxf6 7. d4 Nc6 8.
Nf3 e5 9. d5 Nb8 10. Bh6 a5 11. e4 Na6 12. exf5 Bxf5 13. O-O Nc5 14. Re1 Kf7
15. Be3 b6 16. Bxc5 bxc5 17. Nd2 Rf8 18. Be4 Bh3 19. a4 Kg7 20. Ra3 Qd7 21. Rb3
Bg5 22. Rb5 Qf7 23. f3 (23. Re2) 23... Rfb8 24. Nb3 Bd7 25. Qc2 Bxb5 26. cxb5
h5 27. Qc3 h4 28. g4 Qf4 29. Nxa5 h3 30. Nc6 Bh4 {Diagrama #} 31. Rf1 $2 (31.
Nxb8 Bxe1 32. Qxe1 Rxb8 33. Qc3 $15) 31... Rf8 $2 (31... Rxa4 32. Nxb8 $2 Rxe4
$19) 32. a5 $11 Bg3 33. Qc2 Qe3+ 34. Kh1 Bh4 35. Qd3 Qf4 (35... Bf2) 36. a6 c4
37. Qe2 Rf7 38. a7 Bg5 39. Re1 Bh4 40. Rf1 Bg5 41. Re1 Bh4 42. Rf1 Bg5 1/2-1/2

[Event "XXXVIII Abierto Internacional "]
[Site "Sevilla (SPAIN)"]
[Date "2013.01.13"]
[Round "3.5"]
[White "MONTERO MELENDEZ, Rafael"]
[Black "KHAMRAKULOV, Ibragim S"]
[Result "1/2-1/2"]
[WhiteElo "2316"]
[BlackElo "2509"]
[Annotator "Montecatine,R"]
[PlyCount "126"]
[EventDate "2013.01.11"]

1. c4 Nf6 2. g3 c5 3. Bg2 Nc6 4. Nc3 g6 5. Nf3 Bg7 6. d4 cxd4 7. Nxd4 Qb6 8.
Nc2 O-O 9. O-O d6 10. b3 Qa5 11. Nd5 Bf5 (11... Nxd5 12. cxd5 Bxa1 $2 13. dxc6)
12. Bd2 Qd8 13. Rc1 Ne4 14. Be1 Nc5 15. b4 $14 Bxc2 16. Qxc2 Ne6 17. e3 Rc8 18.
Qe2 Nc7 19. Nf4 Qd7 20. b5 Nd8 21. Bb4 Nce6 22. Rfd1 b6 23. a4 Nxf4 24. exf4
Ne6 25. a5 Nd4 26. Qe3 bxa5 27. Bxa5 e5 28. Bb4 (28. fxe5 dxe5 29. Bd5 $14)
28... exf4 29. Qd3 Rfe8 30. Re1 Rxe1+ 31. Rxe1 f3 32. Bf1 Re8 33. Re3 h5 34. h4
Rxe3 35. Qxe3 (35. fxe3) 35... Nc2 $15 36. Qd2 Nxb4 37. Qxb4 Bd4 38. Qd2 Bc5
39. Qf4 Qg4 40. Bd3 Qxf4 41. gxf4 {Diagrama #} f5 42. Bc2 Bb6 43. Bd1 Bd8 44.
Bxf3 Bxh4 45. Kg2 Kg7 46. Bd5 Bf6 47. Kf3 h4 48. Bc6 Kf7 49. Bd5+ Ke7 50. Bc6
Bd4 51. Bd5 Kf6 52. Bc6 g5 53. fxg5+ Kxg5 54. Kg2 Kg4 55. f3+ Kf4 56. Kh3 Bf6
57. Bd5 Ke5 58. Bb7 Kd4 59. Bd5 Kd3 60. Kg2 Be5 61. Kh3 Bg3 62. Kg2 f4 63. Kh3
Kc3 1/2-1/2

[Event "XXXVIII Abierto Internacional "]
[Site "Sevilla (SPAIN)"]
[Date "2013.01.13"]
[Round "3.6"]
[White "PEREZ MITJANS, Orelvis"]
[Black "GUTIERREZ JIMENEZ, Juan Manuel"]
[Result "0-1"]
[WhiteElo "2496"]
[BlackElo "2296"]
[Annotator "Montecatine,R"]
[PlyCount "84"]
[EventDate "2013.01.11"]

1. e4 c5 2. Nf3 e6 3. Qe2 Nc6 4. g3 g6 5. h4 h6 6. d3 Bg7 7. c3 Nge7 8. Bg2 d5
9. e5 Qc7 10. Bf4 b6 11. Nbd2 Ba6 12. Rb1 g5 13. hxg5 hxg5 14. Rxh8+ Bxh8 15.
Nxg5 Nxe5 16. c4 N7g6 17. Kf1 $6 (17. Bxe5 Qxe5 18. f4 Qxe2+ 19. Kxe2 $15)
17... O-O-O $17 {Diagrama #} 18. b4 $2 (18. Bxe5 Nxe5 19. Ngf3 Nc6) 18... dxc4
$19 19. bxc5 $2 Nxf4 20. gxf4 c3 21. Nc4 Nxc4 22. dxc4 Qxc5 23. Kg1 Bxc4 24.
Qe1 Bd3 25. Rc1 c2 26. Nxf7 Qa3 27. Nxd8 Kxd8 28. Qd2 Qc3 29. Qe3 Bf5 30. Qe2
Qd3 31. Qh5 Bb2 32. Qg5+ Kd7 33. Qg8 Bxc1 34. Qg7+ Kd8 35. Qh8+ Kc7 36. Qe5+
Qd6 37. Qc3+ Kd7 38. Qg7+ Ke8 39. Qh8+ Qf8 40. Bc6+ Ke7 41. Qd4 Ba3 42. Qd7+
Kf6 0-1

[Event "XXXVIII Abierto Internacional "]
[Site "Sevilla (SPAIN)"]
[Date "2013.01.13"]
[Round "3.16"]
[White "VALENTI, Giuseppe"]
[Black "BARUA, Dibyendu"]
[Result "1-0"]
[WhiteElo "2201"]
[BlackElo "2413"]
[Annotator "Montecatine,R"]
[PlyCount "93"]
[EventDate "2013.01.11"]

1. e4 e6 2. d4 d5 3. Nd2 Nf6 4. e5 Nfd7 5. c3 c5 6. Bd3 Nc6 7. Ne2 cxd4 8. cxd4
f6 9. exf6 Qxf6 10. Nf3 h6 11. Nc3 Bd6 12. Be3 O-O 13. a3 Rf7 (13... Rd8) 14.
O-O a6 15. Rc1 Nf8 (15... Ne7) 16. Na4 $14 Qd8 17. Re1 Bd7 18. Nc5 Be8 19. b4
e5 (19... Rc7) 20. dxe5 Nxe5 21. Be2 $16 b6 22. Nxe5 Bxe5 23. Nd3 Bf6 24. Bf3
Rd7 25. Bg4 Re7 26. Qf3 d4 27. Bf4 Rxe1+ 28. Rxe1 Ra7 29. h3 Re7 {Diagrama #}
30. Rc1 $18 Ra7 31. Rc8 Qe7 32. Bb8 Rd7 33. Bxd7 Bxd7 34. Rc1 Bb5 35. Nf4 d3
36. Qd5+ Qf7 37. Qxf7+ Kxf7 38. Rd1 Nd7 39. Bc7 Be5 40. Bxe5 Nxe5 41. Nd5 Nd7
42. f4 Bc4 43. Nc3 Ke6 44. Kf2 b5 45. g4 g5 46. fxg5 hxg5 47. Ne4 1-0

[Event "XXXVIII Abierto Internacional "]
[Site "Sevilla (SPAIN)"]
[Date "2013.01.13"]
[Round "3.18"]
[White "MEDINA CARRASCO, Santiago"]
[Black "KJARTANSSON, Gudmundur"]
[Result "0-1"]
[WhiteElo "2166"]
[BlackElo "2408"]
[Annotator "Montecatine,R"]
[PlyCount "102"]
[EventDate "2013.01.11"]

1. d4 Nf6 2. Nf3 b6 3. g3 Bb7 4. Bg2 c5 5. O-O cxd4 6. Nxd4 Bxg2 7. Kxg2 Qc7 8.
Nc3 Qb7+ 9. f3 d5 10. Bf4 Nbd7 11. Qd2 Rc8 12. Qe3 Nh5 13. Rad1 Nxf4+ 14. gxf4
Nf6 15. Qe5 a6 16. Nf5 e6 17. Nd6+ Bxd6 18. Qxd6 Rc6 19. Qa3 b5 20. Rd4 Qe7 21.
Qxe7+ Kxe7 22. a4 Rc4 23. Rfd1 b4 24. Rxc4 dxc4 25. Ne4 Nd5 26. Kf2 g6 {
Diagrama #} (26... Nxf4 27. Nc5 $11) 27. e3 (27. Nc5 a5 28. e4 Rc8 (28... Nxf4
29. Rd7+ Kf6 30. Ra7) 29. Nb7 Nxf4 30. Nxa5) 27... Rc8 $15 28. Rd4 (28. a5)
28... f5 $17 29. Ng3 (29. Nd2) 29... b3 $19 30. cxb3 cxb3 31. Ke2 Rc2+ 32. Rd2
Nc3+ 33. Kd3 Rxd2+ 34. Kxd2 Nxa4 35. Kc1 Nb6 36. Nf1 Nc4 37. e4 Kd6 38. Nd2 Na5
39. Kd1 Kc5 40. Ke2 Kb4 41. Kd3 Nc6 42. Nc4 a5 43. h3 Kc5 44. h4 a4 45. Nd2
Nb4+ 46. Kc3 Na2+ 47. Kd3 Nb4+ 48. Kc3 Nc6 49. Kd3 e5 50. fxe5 Nxe5+ 51. Kc3 f4
0-1

[Event "XXXVIII Abierto Internacional "]
[Site "Sevilla (SPAIN)"]
[Date "2013.01.13"]
[Round "3.20"]
[White "GOMEZ REBOLLO, Alfonso Carlos"]
[Black "DUCARMON, Quinten"]
[Result "0-1"]
[WhiteElo "2162"]
[BlackElo "2405"]
[Annotator "Montecatine,R"]
[PlyCount "108"]
[EventDate "2013.01.11"]

1. d4 d5 2. c4 c6 3. Nf3 Nf6 4. Nc3 dxc4 5. a4 Bf5 6. e3 e6 7. Bxc4 Bb4 8. O-O
O-O 9. Qe2 Ne4 10. Nxe4 Bxe4 11. Nd2 Bd5 12. e4 Bxc4 13. Qxc4 a5 14. Nf3 Nd7
15. Rd1 Rc8 16. Bg5 Qe8 17. Rac1 Nb6 18. Qb3 c5 19. dxc5 Qxa4 20. Qd3 Rxc5 21.
Rxc5 Bxc5 22. b3 Qe8 {Diagrama #} 23. Qc3 (23. Bf4) 23... Qb5 $17 24. Be3 (24.
Ra1) 24... Bxe3 25. Qxe3 h6 26. h3 Nd7 27. Rc1 Nf6 28. Nd2 Rd8 29. Nc4 a4 30.
e5 Nd5 31. Nd6 Qxb3 32. Qxb3 axb3 33. Rb1 b6 34. Rxb3 f6 35. Nc4 Rc8 36. Ne3
Rc1+ 37. Kh2 Rc3 38. Rb1 fxe5 39. Nxd5 exd5 40. Rxb6 Kf7 41. g3 d4 42. Kg2 e4
43. Rd6 d3 44. Rd4 Rc1 45. h4 Kf6 46. Rd8 Rd1 47. Rd7 Ke6 48. Rd8 Ke5 49. f4+
Kf5 50. Kf2 Rd2+ 51. Ke3 Re2+ 52. Kd4 d2 53. Kc3 e3 54. Kc2 Re1 0-1

[Event "XXXVIII Abierto Internacional "]
[Site "Sevilla (SPAIN)"]
[Date "2013.01.14"]
[Round "4.1"]
[White "DUCARMON, Quinten"]
[Black "MATAMOROS FRANCO, Carlos S"]
[Result "1/2-1/2"]
[WhiteElo "2405"]
[BlackElo "2538"]
[Annotator "Montecatine,R"]
[PlyCount "30"]
[EventDate "2013.01.11"]

1. e4 c6 2. d4 d5 3. exd5 cxd5 4. c4 Nf6 5. Nc3 Nc6 6. Bf4 g6 7. c5 Bg7 8. Bb5
O-O 9. Nge2 Ne4 10. O-O Nxd4 11. Nxd4 e5 12. Be3 exd4 13. Bxd4 Nxc3 14. bxc3
Be6 15. c6 bxc6 {Diagrama #} 1/2-1/2

[Event "XXXVIII Abierto Internacional "]
[Site "Sevilla (SPAIN)"]
[Date "2013.01.14"]
[Round "4.10"]
[White "IBARRA JEREZ, Jose Carlos"]
[Black "CARRETERO ORTIZ, Francisco"]
[Result "1-0"]
[WhiteElo "2538"]
[BlackElo "2258"]
[Annotator "Montecatine,R"]
[PlyCount "39"]
[EventDate "2013.01.11"]

1. e4 d5 2. exd5 Nf6 3. Nf3 Nxd5 4. d4 Bf5 5. Nh4 Bc8 6. c4 Nb6 7. Nf3 g6 8.
Nc3 Bg7 9. c5 N6d7 $6 (9... Nd5 10. Bc4 Nxc3 11. bxc3 $14) 10. Bc4 O-O 11. O-O
Nf6 12. h3 b6 (12... Nc6 13. Re1 $14) 13. Ne5 $16 Bb7 (13... c6) 14. Bg5 Nc6 $6
(14... e6) 15. Qa4 $16 {Diagrama #} Qxd4 $2 (15... Na5 16. c6 Bc8 17. Be2 $16)
(15... Nxe5 16. dxe5 Nd5 17. c6 Nxc3 18. bxc3 Bc8 19. Rad1 Qe8 20. Rd7 Bxd7 21.
cxd7 Qd8 22. e6 f6 23. Bf4 $16) 16. Nxc6 $18 Qxc5 17. Bxf6 Bxf6 18. Bd5 Bxc3
19. bxc3 Rad8 $6 20. Nxe7+ 1-0

[Event "XXXVIII Abierto Internacional "]
[Site "Sevilla (SPAIN)"]
[Date "2013.01.14"]
[Round "4.16"]
[White "FERNANDEZ RODRIGUEZ, Jose A"]
[Black "TERAN ALVAREZ, Ismael"]
[Result "1/2-1/2"]
[WhiteElo "2164"]
[BlackElo "2399"]
[Annotator "Montecatine,R"]
[PlyCount "37"]
[EventDate "2013.01.11"]

1. e4 e5 2. f4 exf4 3. Bc4 Nf6 4. Nc3 c6 5. Nf3 Nxe4 (5... d5) 6. Nxe4 d5 7.
Qe2 Be7 8. d4 dxc4 9. Bxf4 O-O 10. Qxc4 Nd7 (10... Bf5) 11. O-O Nb6 12. Qe2 Bg4
13. Rad1 Qd5 (13... Re8) 14. Nc3 Qe6 15. Qf2 Bf6 16. Rde1 Qf5 17. Ne5 Bh5 18.
Qg3 (18. Qd2 $14) 18... Bg6 (18... Qxc2 19. Rf2 Qf5 20. Ne4 $13) 19. Ne4 {
Diagrama #} (19. Ne4 Bxe5 20. Bxe5 Qh5 21. Qb3 $14) 1/2-1/2

[Event "XXXVIII Abierto Internacional "]
[Site "Sevilla (SPAIN)"]
[Date "2013.01.14"]
[Round "4.19"]
[White "CAMPORA, Daniel H"]
[Black "FERRER FREYRE, David"]
[Result "1-0"]
[WhiteElo "2490"]
[BlackElo "2043"]
[Annotator "Montecatine,R"]
[PlyCount "79"]
[EventDate "2013.01.11"]

1. e4 e5 2. Nf3 Nc6 3. Bb5 a6 4. Ba4 b5 5. Bb3 Nf6 6. O-O Be7 7. Re1 d6 8. c3
O-O 9. h3 Na5 10. Bc2 c5 11. d4 cxd4 12. cxd4 Nc6 13. Nc3 h6 14. Be3 Re8 (14...
Bb7) 15. d5 Nb8 16. b4 $14 Nbd7 (16... Qc7) 17. a4 Rb8 18. axb5 axb5 19. Bd3
$16 {Diagrama #} Rf8 $2 (19... Nf8 20. Nxb5 Bd7 21. Na7 Rxb4 $16) 20. Nd2 $18 (
20. Nxb5 Nxe4 21. Na7 f5 22. Nc6 $18) 20... Nh7 21. Nxb5 Nb6 22. Na7 Bb7 23. b5
Nc8 24. Nc6 Bxc6 25. dxc6 Ng5 26. Nb1 Ne6 27. Nc3 Bg5 28. Nd5 Bxe3 29. Rxe3 Nb6
30. Nxb6 Rxb6 31. Re1 Nd4 32. Qa4 Ne6 33. Qa7 Nc5 34. Bf1 Ne6 35. Rec1 Qc7 36.
Qxc7 Nxc7 37. Ra7 Nxb5 38. Rb7 Rxb7 39. cxb7 Na7 40. Rc7 1-0

[Event "XXXVIII Abierto Internacional "]
[Site "Sevilla (SPAIN)"]
[Date "2013.01.14"]
[Round "4.2"]
[White "KOMLJENOVIC, Davorin"]
[Black "HASLINGER, Stewart G"]
[Result "0-1"]
[WhiteElo "2393"]
[BlackElo "2535"]
[Annotator "de,Universidad"]
[PlyCount "58"]
[EventDate "2013.01.11"]

1. Nf3 d5 2. g3 Bg4 3. Bg2 Nd7 4. h3 Bh5 5. c4 e6 6. b3 Ngf6 7. Bb2 c6 8. O-O
Bd6 9. d3 O-O 10. Nbd2 a5 11. a3 Re8 12. Re1 e5 13. cxd5 cxd5 14. g4 Bg6 15.
Nh4 Nf8 16. Nxg6 (16. e4 $5) 16... Nxg6 17. e3 Nh4 18. Bh1 h6 19. Nf3 Nh7 20.
Kf1 (20. Rc1) 20... Rc8 $15 21. Nxh4 Qxh4 22. Bxd5 Qxh3+ (22... Ng5 $15) 23.
Bg2 Qh2 $11 24. Bxb7 {Diagrama #} e4 $1 25. Bxe4 $6 (25. Ke2 Bg3 26. Rf1 Rcd8
27. d4 $15) (25. Bxc8 Bg3 26. Qd2 (26. fxg3 Ng5 $19) 26... exd3 $19) 25... Ng5
26. Bg2 (26. Rc1 Nxe4 27. dxe4 Qh3+ 28. Ke2 Rcd8 $17) 26... Nh3 27. Bxh3 $2 (
27. Qf3 Qg1+ 28. Ke2 Nf4+ 29. Kd2 (29. Qxf4 Qxg2 $19) 29... Qxg2 30. Qxg2 Nxg2
31. Rec1 Rb8 32. Rc3 Nh4 $19) 27... Qxh3+ 28. Ke2 Rxe3+ 29. fxe3 Qg2# 0-1